Capitales menos adivinadas en Jetpunk - Estadísticas

Estadísticas generales
  • Esta prueba ha sido intentada 12 veces
  • La puntuación promedio es 23 de 50
Estadísticas de respuestas
% de adivinación Capital % Correcto
8 Nukualofa
75%
11 Port Vila
75%
14 Suva
75%
15 Taskent
75%
11 Apia
67%
14 Port Moresby
67%
15 Bandar Seri Begawan
58%
12 Conakri
58%
13 Malabo
58%
11 Nuakchot
58%
10 Palikir
58%
15 Porto Novo o Cotonú
58%
8 Tarawa Sur
58%
10 Windhoek
58%
14 Asjabad
50%
9 Banjul
50%
13 Dusambé
50%
10 Funafuti
50%
8 Honiara
50%
9 Mbabane
50%
10 Moroni
50%
7 Ngerulmud
50%
12 Yamusukro
50%
8 Yaren
50%
12 Asmara
42%
9 Bangui
42%
15 Basseterre
42%
14 Brazzaville
42%
11 Harare
42%
12 Jartum
42%
9 Lilongüe
42%
8 Majuro
42%
9 Maseru
42%
10 Niamey
42%
11 Port Louis
42%
15 Uagadugú
42%
10 Yuba
42%
14 Gaboroné
33%
9 Gitega
33%
12 Kampala
33%
15 Kinsasa
33%
12 Lomé
33%
10 Lusaka
33%
13 Yamena
33%
11 Bamako
25%
10 Kigali
25%
13 Mogadiscio
25%
13 Monrovia
25%
15 Naipyidó
25%
10 Dodoma
17%
No se encontraron pruebas coincidentes
Distribución de puntuación
Porcentaje de gente con cada puntuación
Porcentaje por número respondido
Historial de tus puntuaciones
No has intentado esta prueba.